| 000 | 00561nam a2200181Ia 4500 | ||
|---|---|---|---|
| 008 | 210423s2012 xx 000 0 und d | ||
| 020 | _a9788126536047 | ||
| 041 | _aeng | ||
| 082 | _a530 WALH | ||
| 100 | _aWALKER (Jearl) | ||
| 245 | _aHalliday and Resnick prnciples of physics: international sudent version 9 Ed | ||
| 250 | _a9 | ||
| 260 |
_aNew Delhi _bWiley India Pvt Ltd _c2012 |
||
| 300 |
_axxii,1248 _bPB |
||
| 365 |
_b649 _cINR |
||
| 650 | _aPhysics | ||
| 906 | _a9 ; Ed ; Halliday ; international ; physics: ; prnciples ; Resnick ; sudent ; version | ||
| 999 |
_c162335 _d162335 |
||